America's Favorite Houseguests from Big Brother - Statistics

General Stats
  • This quiz has been taken 8 times
  • The average score is 15 of 22
Answer Stats
Season Answer % Correct
17 James Huling
100%
9 James Zinkand
100%
10 Dan Gheesling
88%
16 Donny Thompson
88%
27 Keanu Soto
88%
25 Cameron Hardin
75%
19 Cody Nickson
75%
14 Frank Eudy
75%
11 Jeff Schroeder
75%
13 Jeff Schroeder
75%
21 Nicole Anthony
75%
20 Tyler Crispen
75%
7 Janelle Pierzina
63%
24 Taylor Hale
63%
26 Tucker Des Lauriers
63%
22 Da'vonne Rogers
50%
15 Elissa Slater
50%
8 Eric Stein
50%
10 Keesha Smith
50%
23 Tiffany Mitchell
50%
18 Victor Arroyo
50%
12 Brittney Haynes
38%
No matching quizzes found
Score Distribution
Percent of People with Each Score
Percentile by Number Answered
Your Score History
You have not taken this quiz